[Event "Carnaval 2003"]
[Site "Quebec CAN"]
[Date "2003.02.15"]
[Round "2"]
[White "Drolet, Stephane"]
[Black "Gauthier, Denis"]
[Result "1-0"]
[WhiteElo "2101"]
[BlackElo "2031"]
[PlyCount "100"]
[EventDate "2003.02.14"]
[EventType "swiss"]
[EventRounds "5"]
[EventCountry "CAN"]

1. d4 Nf6 2. Nf3 e6 3. Bg5 h6 4. Bxf6 Qxf6 5. e4 g6 6. Nc3 Bg7 7. Qd2 d6 8.
O-O-O a6 9. e5 Qe7 10. Re1 O-O 11. h4 Nd7 12. Bd3 c5 13. Ne4 dxe5 14. dxe5 Rd8
15. Qf4 b5 16. Ng3 Bb7 17. Be4 Nb6 18. h5 g5 19. Qg4 Nd5 20. Bxd5 Bxd5 21. Kb1
Rd7 22. Ne4 Bxe4 23. Qxe4 Rad8 24. g4 Rd5 25. Qe2 Qd7 26. Kc1 c4 27. c3 a5 28.
Rd1 Qc7 29. Rhe1 b4 30. Rd4 bxc3 31. bxc3 Bf8 32. Kc2 Rb8 33. Rxd5 Qb7 34. Qxc4
Qb2+ 35. Kd3 exd5 36. Qc7 Rb7 37. Qc6 Rb6 38. Qc7 Qb5+ 39. c4 dxc4+ 40. Qxc4
Qd7+ 41. Ke2 Rb4 42. e6 fxe6 43. Qd3 Rb2+ 44. Nd2 Qxd3+ 45. Kxd3 Rxa2 46. Rxe6
a4 47. f3 Rb2 48. Nc4 Rb3+ 49. Ke4 a3 50. Ra6 Rb4 1-0

[Event "Carnaval 2003"]
[Site "Quebec CAN"]
[Date "2003.02.15"]
[Round "2"]
[White "Laframboise, Marc-Andre"]
[Black "Masse, Hugues"]
[Result "1/2-1/2"]
[WhiteElo "2127"]
[BlackElo "2171"]
[PlyCount "61"]
[EventDate "2003.02.14"]
[EventType "swiss"]
[EventRounds "5"]
[EventCountry "CAN"]

1. d4 d5 2. c4 e6 3. Nc3 Nf6 4. cxd5 exd5 5. Bg5 c6 6. Qc2 Be7 7. e3 Nbd7 8.
Bd3 O-O 9. Nge2 Re8 10. f3 Nf8 11. O-O-O Be6 12. Kb1 Rc8 13. Nf4 a6 14. Nxe6
fxe6 15. e4 Nxe4 16. fxe4 Bxg5 17. Rhf1 h6 18. Rf3 Nd7 19. g3 Rf8 20. Rdf1 Rxf3
21. Rxf3 Qb6 22. exd5 cxd5 23. h4 Bf6 24. Nxd5 Rxc2 25. Nxb6 Rc7 26. Nxd7 Rxd7
27. Bc4 Rd6 28. d5 exd5 29. Rd3 Kf8 30. Rxd5 Rxd5 31. Bxd5 1/2-1/2

[Event "Carnaval 2003"]
[Site "Quebec CAN"]
[Date "2003.02.15"]
[Round "2"]
[White "Pageau, Roger"]
[Black "Fortier, Marc-Andre"]
[Result "0-1"]
[WhiteElo "2048"]
[BlackElo "2271"]
[PlyCount "72"]
[EventDate "2003.02.14"]
[EventType "swiss"]
[EventRounds "5"]
[EventCountry "CAN"]

1. d4 g6 2. Bf4 Bg7 3. e3 d6 4. h3 Nf6 5. Nf3 O-O 6. Bc4 c5 7. c3 Nbd7 8. O-O
a6 9. a4 b6 10. Nbd2 Bb7 11. Bh2 d5 12. Bd3 Ne4 13. Qc2 Nxd2 14. Qxd2 c4 15.
Bb1 f6 16. Re1 e5 17. e4 dxe4 18. Bxe4 Bxe4 19. Rxe4 f5 20. Re2 e4 21. Ne1 Qh4
22. Bg3 Qf6 23. f4 b5 24. axb5 axb5 25. Rxa8 Rxa8 26. Nc2 Nb6 27. Kh2 Bf8 28.
Qc1 Bd6 29. Ne3 h5 30. Kh1 Qf7 31. Bh2 Kg7 32. h4 Ra2 33. Qb1 Qa7 34. Re1 Qa4
35. g3 Qb3 36. Re2 Ba3 0-1

[Event "Carnaval 2003"]
[Site "Quebec CAN"]
[Date "2003.02.15"]
[Round "2"]
[White "Poirier, Erik"]
[Black "Saucier, Luc"]
[Result "1-0"]
[WhiteElo "1965"]
[BlackElo "1687"]
[PlyCount "85"]
[EventDate "2003.02.14"]
[EventType "swiss"]
[EventRounds "5"]
[EventCountry "CAN"]

1. d4 d5 2. c4 e6 3. Nc3 Nf6 4. cxd5 exd5 5. Bg5 c6 6. Qc2 Be7 7. e3 Bg4 8. Bd3
Nbd7 9. f3 Bh5 10. Nge2 Qa5 11. O-O O-O 12. Nf4 Bg6 13. Nxg6 hxg6 14. Bh4 Rfe8
15. a3 a6 16. b4 Qc7 17. e4 Nb6 18. e5 Nh7 19. Bxe7 Rxe7 20. f4 Nf8 21. Ne2
Nbd7 22. Kh1 Ne6 23. g4 Qb6 24. Qc3 a5 25. f5 gxf5 26. gxf5 Nxd4 27. Nxd4 Nxe5
28. f6 axb4 29. axb4 Ree8 30. fxg7 Rxa1 31. Rxa1 Nxd3 32. Qxd3 Qxb4 33. Nf5
Re1+ 34. Rxe1 Qxe1+ 35. Kg2 Qb4 36. Qe2 Qe4+ 37. Qxe4 dxe4 38. Kf2 b5 39. Ke3
b4 40. Kxe4 c5 41. Kd3 b3 42. Kc3 c4 43. h4 1-0

[Event "Carnaval 2003"]
[Site "Quebec CAN"]
[Date "2003.02.15"]
[Round "2"]
[White "Sauve, Richard"]
[Black "Caire, Francois"]
[Result "1-0"]
[WhiteElo "2008"]
[BlackElo "2091"]
[PlyCount "63"]
[EventDate "2003.02.14"]
[EventType "swiss"]
[EventRounds "5"]
[EventCountry "CAN"]

1. d4 Nf6 2. c4 e6 3. Nc3 Bb4 4. Qc2 O-O 5. a3 Bxc3+ 6. Qxc3 b6 7. Bg5 Bb7 8.
e3 d6 9. f3 Nbd7 10. Bd3 c5 11. Ne2 Rc8 12. Qd2 h6 13. Bh4 Qc7 14. O-O cxd4 15.
exd4 d5 16. b3 dxc4 17. bxc4 Qc6 18. Rac1 a5 19. Nc3 e5 20. Nb5 Rb8 21. Bg3
Rbe8 22. d5 Qc8 23. Kh1 Qb8 24. Bf5 Nc5 25. Rcd1 Ba6 26. Rfe1 Nfd7 27. d6 Bxb5
28. cxb5 Qb7 29. Qc3 f6 30. Qc4+ Kh8 31. Qg4 Kg8 32. Qg6 1-0

[Event "Carnaval 2003"]
[Site "Quebec CAN"]
[Date "2003.02.15"]
[Round "3"]
[White "Auger, Bertrand"]
[Black "Beaulieu, Eric"]
[Result "0-1"]
[WhiteElo "2104"]
[BlackElo "2177"]
[PlyCount "78"]
[EventDate "2003.02.14"]
[EventType "swiss"]
[EventRounds "5"]
[EventCountry "CAN"]

1. Nf3 Nf6 2. g3 c5 3. Bg2 Nc6 4. c4 g6 5. Nc3 Bg7 6. d4 cxd4 7. Nxd4 O-O 8.
Nc2 d6 9. O-O Be6 10. b3 Ne4 11. Nxe4 Bxa1 12. Nxa1 Qa5 13. Bb2 Qxa2 14. Qc1 f6
15. Nc3 Qa5 16. Nd5 Bd7 17. b4 Qd8 18. b5 Ne5 19. f4 Nf7 20. Qe3 Kg7 21. b6
axb6 22. Nxb6 Ra2 23. Nxd7 Qxd7 24. Bc3 e5 25. Rd1 Qa4 26. Qd3 Rd8 27. Bd5 Ra3
28. Nc2 Qa7+ 29. Kg2 Ra6 30. Ne1 Nh6 31. e3 Ng4 32. Nc2 Ra2 33. Bd2 exf4 34.
gxf4 Re8 35. c5 Rb2 36. Kf3 Qxc5 37. Kxg4 Rxc2 38. Rb1 Re7 39. e4 Qf2 0-1

[Event "Carnaval 2003"]
[Site "Quebec CAN"]
[Date "2003.02.15"]
[Round "3"]
[White "Boudreau, Daniel"]
[Black "Bonneau, Daniel"]
[Result "1-0"]
[WhiteElo "2050"]
[BlackElo "2024"]
[PlyCount "133"]
[EventDate "2003.02.14"]
[EventType "swiss"]
[EventRounds "5"]
[EventCountry "CAN"]

1. e4 g6 2. d4 Bg7 3. Nc3 d6 4. Be3 c6 5. Qd2 Qc7 6. h3 Nd7 7. Nf3 b5 8. Bd3 b4
9. Ne2 c5 10. c3 c4 11. Bc2 a5 12. O-O Rb8 13. Ng3 Ngf6 14. Nh2 e5 15. f4 O-O
16. Nf3 Ba6 17. Rf2 Rb7 18. Raf1 exd4 19. Nxd4 Nc5 20. e5 dxe5 21. fxe5 Qxe5
22. Nc6 Qxg3 23. Bxc5 Rd7 24. Qc1 Re8 25. Bd4 Ne4 26. Re2 f5 27. Bxg7 Kxg7 28.
Rfe1 Bb7 29. Nxa5 Qc7 30. cxb4 Qb6+ 31. Qe3 Qxb4 32. Nxb7 Qxb7 33. Bxe4 Rxe4
34. Qc3+ Kh6 35. Rxe4 fxe4 36. a4 Qa7+ 37. Kh2 Qc7+ 38. Kh1 Rd3 39. Qc1+ Kg7
40. Rxe4 Qd6 41. Qf4 Qxf4 42. Rxf4 Rd1+ 43. Kh2 Rd2 44. Rxc4 Rxb2 45. Rc7+ Kh6
46. a5 Ra2 47. Ra7 Ra3 48. h4 g5 49. hxg5+ Kxg5 50. a6 h6 51. Ra8 Kh4 52. a7
Ra2 53. Kg1 Kg3 54. Kf1 Kh4 55. Ke1 Kh5 56. Kd1 Kh4 57. Kc1 Kh5 58. Kb1 Ra6 59.
Kb2 Kh4 60. Kb3 h5 61. Kb4 Ra2 62. Kb5 Ra1 63. Kb6 Rb1+ 64. Kc5 Rc1+ 65. Kd4
Rd1+ 66. Ke3 Re1+ 67. Kf4 1-0

[Event "Carnaval 2003"]
[Site "Quebec CAN"]
[Date "2003.02.15"]
[Round "3"]
[White "Caire, Francois"]
[Black "Ouimet, Bernard"]
[Result "0-1"]
[WhiteElo "2091"]
[BlackElo "2008"]
[PlyCount "74"]
[EventDate "2003.02.14"]
[EventType "swiss"]
[EventRounds "5"]
[EventCountry "CAN"]

1. d4 Nf6 2. c4 g6 3. Nc3 Bg7 4. e4 d6 5. Bg5 O-O 6. Qd2 Nbd7 7. Be2 e5 8. d5
a5 9. h4 Nc5 10. O-O-O Ncxe4 11. Nxe4 Nxe4 12. Bxd8 Nxd2 13. Bxc7 Ne4 14. Rf1
Bf5 15. g4 Bd7 16. Bb6 Rfc8 17. Kd1 Nc5 18. Rh3 a4 19. Rc3 f5 20. gxf5 Bxf5 21.
Nh3 e4 22. Re3 Bxb2 23. h5 Bd4 24. Bxc5 Rxc5 25. Rg3 Be5 26. Re3 Rac8 27. hxg6
hxg6 28. Rg1 b5 29. Ng5 Bf4 30. Rc3 bxc4 31. Ke1 Kg7 32. Bg4 Bxg5 33. Bxf5 gxf5
34. Rxg5+ Kf6 35. Rh5 Rxd5 36. f4 exf3 37. Rxf3 c3 0-1

[Event "Carnaval 2003"]
[Site "Quebec CAN"]
[Date "2003.02.15"]
[Round "3"]
[White "Fortier, Marc-Andre"]
[Black "Drolet, Stephane"]
[Result "1/2-1/2"]
[WhiteElo "2271"]
[BlackElo "2101"]
[PlyCount "36"]
[EventDate "2003.02.14"]
[EventType "swiss"]
[EventRounds "5"]
[EventCountry "CAN"]

1. e4 Nc6 2. d4 d5 3. e5 Bf5 4. Nf3 Qd7 5. Bd3 f6 6. Bb5 a6 7. Ba4 b5 8. Bb3
Na5 9. Nbd2 Nc4 10. Bxc4 dxc4 11. O-O e6 12. Re1 Ne7 13. exf6 gxf6 14. Nh4 Bg6
15. Qf3 Nd5 16. Ne4 Be7 17. Bh6 Rg8 18. Nxg6 hxg6 1/2-1/2

[Event "Carnaval 2003"]
[Site "Quebec CAN"]
[Date "2003.02.15"]
[Round "3"]
[White "Masse, Hugues"]
[Black "Sauve, Richard"]
[Result "1-0"]
[WhiteElo "2171"]
[BlackElo "2008"]
[PlyCount "97"]
[EventDate "2003.02.14"]
[EventType "swiss"]
[EventRounds "5"]
[EventCountry "CAN"]

1. d4 e6 2. c4 d5 3. cxd5 exd5 4. Nc3 c6 5. Qc2 Bd6 6. Nf3 Ne7 7. Bg5 f6 8. Bh4
Bf5 9. Qd2 Nd7 10. e3 O-O 11. Bg3 Nb6 12. Nh4 Qd7 13. Bxd6 Qxd6 14. Nxf5 Nxf5
15. Qc2 Ne7 16. Bd3 f5 17. h4 Nc4 18. b3 Na3 19. Qd2 f4 20. exf4 Qxf4 21. Qxf4
Rxf4 22. Ne2 Rf6 23. O-O Nf5 24. g3 Re8 25. Rfe1 g6 26. Bxf5 Rxf5 27. Nf4 Rxe1+
28. Rxe1 Kf7 29. Ne6 Nb5 30. Ng5+ Rxg5 31. hxg5 Nxd4 32. Kg2 Ne6 33. f4 Nc5 34.
Kf3 Ne4 35. Rh1 Kg7 36. Rg1 Nc3 37. Rg2 a5 38. Ke3 c5 39. Rc2 d4+ 40. Kd3 b6
41. Rxc3 dxc3 42. Kxc3 a4 43. Kc4 Kf7 44. Kd5 axb3 45. axb3 Ke7 46. g4 Kd7 47.
f5 Kc7 48. Ke6 Kd8 49. Kd6 1-0

[Event "Carnaval 2003"]
[Site "Quebec CAN"]
[Date "2003.02.15"]
[Round "3"]
[White "Saint Amand, Paul"]
[Black "Paradis, Sylvain"]
[Result "1-0"]
[WhiteElo "2118"]
[BlackElo "2063"]
[PlyCount "63"]
[EventDate "2003.02.14"]
[EventType "swiss"]
[EventRounds "5"]
[EventCountry "CAN"]

1. e4 c5 2. c3 d6 3. d4 Nf6 4. Bd3 Nc6 5. d5 Ne5 6. Bc2 c4 7. h3 a6 8. f4 Ng6
9. Ne2 e5 10. dxe6 fxe6 11. Be3 Be7 12. Nd2 b5 13. O-O O-O 14. Qe1 Bb7 15. Rd1
Qc8 16. Nd4 Rf7 17. Kh2 Ne8 18. f5 exf5 19. exf5 Nf8 20. Ne4 Bf6 21. Nxf6+ Nxf6
22. Bf4 d5 23. Qf2 Ne4 24. Bxe4 dxe4 25. Qe3 Nd7 26. Ne6 Nf6 27. Bg5 Qe8 28.
Qg3 Bd5 29. Nc7 Nh5 30. Qe5 Qf8 31. Qxd5 Qb8 32. Qxa8 1-0

[Event "Carnaval 2003"]
[Site "Quebec CAN"]
[Date "2003.02.16"]
[Round "4"]
[White "Boudreau, Daniel"]
[Black "Bannon, Eric"]
[Result "0-1"]
[WhiteElo "2050"]
[BlackElo "2158"]
[PlyCount "78"]
[EventDate "2003.02.14"]
[EventType "swiss"]
[EventRounds "5"]
[EventCountry "CAN"]

1. e4 c5 2. Nc3 Nc6 3. g3 g6 4. Bg2 Bg7 5. d3 d6 6. Be3 Nf6 7. h3 O-O 8. Qd2
Rb8 9. Bh6 b5 10. Bxg7 Kxg7 11. Nge2 b4 12. Nd5 e6 13. Nxf6 Qxf6 14. c3 bxc3
15. bxc3 Ba6 16. O-O Ne5 17. Nc1 Nf3+ 18. Bxf3 Qxf3 19. Re1 f5 20. Qe2 fxe4 21.
Qxf3 Rxf3 22. Rxe4 Rb2 23. Rf4 Rxf4 24. gxf4 Kf6 25. Kg2 h5 26. Kf3 Kf5 27. Ke3
c4 28. d4 h4 29. Ne2 Bb7 30. Rg1 Rxa2 31. Rg5+ Kf6 32. Rg4 a5 33. Rxh4 a4 34.
Rh7 Rb2 35. Rc7 a3 36. Nc1 Rc2 37. Na2 Rxa2 38. Rxb7 Rc2 39. Ra7 Rxc3+ 0-1

[Event "Carnaval 2003"]
[Site "Quebec CAN"]
[Date "2003.02.16"]
[Round "4"]
[White "Chabot, Roland"]
[Black "Saint Amand, Paul"]
[Result "1-0"]
[WhiteElo "2129"]
[BlackElo "2118"]
[PlyCount "118"]
[EventDate "2003.02.14"]
[EventType "swiss"]
[EventRounds "5"]
[EventCountry "CAN"]

1. d4 Nf6 2. c4 e5 3. dxe5 Ng4 4. Nf3 Bc5 5. e3 Nc6 6. Be2 Ngxe5 7. Nxe5 Nxe5
8. Nc3 O-O 9. O-O Re8 10. Na4 Bf8 11. e4 b6 12. Be3 Bb7 13. f3 d6 14. Qd2 Qe7
15. Nc3 c6 16. Bf2 Qe6 17. b3 Rad8 18. Rad1 Kh8 19. f4 Nd7 20. Bf3 Qe7 21. Rfe1
Qf6 22. Bg3 Kg8 23. Kh1 Kh8 24. Re2 Qe7 25. Qe1 f6 26. h4 Qf7 27. h5 Nc5 28.
Bh4 Nd7 29. Bg4 Bc8 30. Bf3 Nc5 31. g4 Bb7 32. Bg3 Nd7 33. Qf2 Be7 34. Qh2 Kg8
35. Red2 Bf8 36. Qg2 Rc8 37. Ne2 Nc5 38. Bf2 Ne6 39. Bg3 Nc5 40. Bf2 Ne6 41.
Kg1 Kh8 42. Bg3 Kg8 43. Bf2 Kh8 44. Rc2 Qe7 45. Be1 Nc5 46. Ng3 g6 47. hxg6
hxg6 48. Bc3 Bg7 49. Qh3+ Kg8 50. f5 g5 51. Rh2 Qf7 52. Qh7+ Kf8 53. Rhd2 Rcd8
54. Rxd6 Rxd6 55. Rxd6 Ke7 56. Rd2 Rh8 57. Qg6 Qxg6 58. fxg6 Bc8 59. Nf5+ Bxf5
1-0

[Event "Carnaval 2003"]
[Site "Quebec CAN"]
[Date "2003.02.16"]
[Round "4"]
[White "Drolet, Stephane"]
[Black "Moisan-Plante, Marc-Olivier"]
[Result "1/2-1/2"]
[WhiteElo "2101"]
[BlackElo "2088"]
[PlyCount "47"]
[EventDate "2003.02.14"]
[EventType "swiss"]
[EventRounds "5"]
[EventCountry "CAN"]

1. Nf3 d5 2. g3 Nf6 3. Bg2 c6 4. b3 Bg4 5. Bb2 e6 6. d3 Nbd7 7. O-O Bd6 8. Nbd2
O-O 9. Qe1 e5 10. h3 Bh5 11. Nh4 Re8 12. e4 a5 13. a3 Bg6 14. Qe2 Qb6 15. Rab1
Nc5 16. Rfe1 Ne6 17. Nxg6 hxg6 18. Nf3 Nd4 19. Qd2 Nxf3+ 20. Bxf3 Rad8 21. Bc3
Ra8 22. Bb2 Rad8 23. Bc3 Ra8 24. Bb2 1/2-1/2

[Event "Carnaval 2003"]
[Site "Quebec CAN"]
[Date "2003.02.16"]
[Round "4"]
[White "Ouimet, Bernard"]
[Black "Fortier, Marc-Andre"]
[Result "0-1"]
[WhiteElo "2008"]
[BlackElo "2271"]
[PlyCount "104"]
[EventDate "2003.02.14"]
[EventType "swiss"]
[EventRounds "5"]
[EventCountry "CAN"]

1. e4 c5 2. Nf3 d6 3. d4 cxd4 4. Nxd4 Nf6 5. Nc3 g6 6. Be3 Bg7 7. Bc4 O-O 8. f3
Nc6 9. Qd2 Bd7 10. O-O-O Ne5 11. Bb3 Qa5 12. h4 Rfc8 13. Kb1 Nc4 14. Bxc4 Rxc4
15. Nb3 Qc7 16. h5 Rxc3 17. Qxc3 Qxc3 18. bxc3 Nxh5 19. Bd4 f6 20. g4 Nf4 21.
Nc1 Bc6 22. Rh2 Ne6 23. Nb3 Ng5 24. Nd2 Ne6 25. Rdh1 Nf8 26. Be3 b6 27. Bh6 Rc8
28. Bxg7 Kxg7 29. Kb2 Bd7 30. Rd1 Be6 31. Nf1 Nd7 32. Ne3 Ne5 33. Rf2 Kf8 34.
Rd4 Rc5 35. Ra4 a5 36. Rd4 Nc6 37. Rd1 a4 38. Nd5 Ne5 39. Rd4 b5 40. Ne3 a3+
41. Kc1 Bxa2 42. f4 Nc6 43. Rd1 Rxc3 44. Nd5 Bxd5 45. Rxd5 b4 46. Rb5 Rc4 47.
e5 dxe5 48. fxe5 Rxg4 49. Kb1 f5 50. Re2 Kf7 51. e6+ Kf6 52. Rb6 Rc4 0-1

[Event "Carnaval 2003"]
[Site "Quebec CAN"]
[Date "2003.02.16"]
[Round "4"]
[White "Sauve, Richard"]
[Black "Laframboise, Marc-Andre"]
[Result "0-1"]
[WhiteElo "2008"]
[BlackElo "2127"]
[PlyCount "70"]
[EventDate "2003.02.14"]
[EventType "swiss"]
[EventRounds "5"]
[EventCountry "CAN"]

1. d4 d5 2. c4 c6 3. Nf3 Nf6 4. Nc3 e6 5. e3 Nbd7 6. Qc2 a6 7. e4 dxe4 8. Nxe4
Nxe4 9. Qxe4 Nf6 10. Qc2 c5 11. Be2 cxd4 12. O-O Qb6 13. b4 Qxb4 14. Nxd4 Qb6
15. Be3 Bc5 16. Rab1 Qc7 17. Qa4+ Bd7 18. Qb3 b6 19. Bf3 Rb8 20. g3 O-O 21.
Rfd1 e5 22. Nc2 Be6 23. Bg5 Ng4 24. Ne3 Nxe3 25. Bxe3 Bxe3 26. Qxe3 Bxc4 27.
Rbc1 b5 28. a4 Qe7 29. axb5 axb5 30. Bc6 Rfc8 31. Qf3 Rd8 32. Rxd8+ Rxd8 33.
Rb1 Qc5 34. Rd1 Rxd1+ 35. Qxd1 g6 0-1

[Event "Carnaval 2003"]
[Site "Quebec CAN"]
[Date "2003.02.16"]
[Round "5"]
[White "Cazelais, Marc"]
[Black "Drolet, Stephane"]
[Result "1/2-1/2"]
[WhiteElo "2078"]
[BlackElo "2101"]
[PlyCount "41"]
[EventDate "2003.02.14"]
[EventType "swiss"]
[EventRounds "5"]
[EventCountry "CAN"]

1. e4 e6 2. d4 c5 3. d5 exd5 4. exd5 d6 5. Nc3 Nf6 6. Nf3 Be7 7. h3 Bf5 8. Bd3
Bxd3 9. Qxd3 O-O 10. O-O Nbd7 11. Bf4 a6 12. a4 Re8 13. Rfe1 Qc7 14. Re2 Bf8
15. Rae1 Rxe2 16. Rxe2 Rb8 17. b3 Qa5 18. Ne4 Nxe4 19. Rxe4 Nf6 20. Re2 b5 21.
axb5 1/2-1/2

[Event "Carnaval 2003"]
[Site "Quebec CAN"]
[Date "2003.02.16"]
[Round "5"]
[White "Fortier, Marc-Andre"]
[Black "Laframboise, Marc-Andre"]
[Result "0-1"]
[WhiteElo "2271"]
[BlackElo "2127"]
[PlyCount "58"]
[EventDate "2003.02.14"]
[EventType "swiss"]
[EventRounds "5"]
[EventCountry "CAN"]

1. e4 g6 2. d4 Bg7 3. c4 d6 4. Nc3 Nf6 5. f3 O-O 6. Be3 Nbd7 7. Bd3 c5 8. d5 e6
9. dxe6 fxe6 10. Nge2 Ne5 11. O-O b6 12. f4 Nc6 13. Ng3 Kh8 14. Be2 Ne7 15. Bf3
Bb7 16. Rf2 d5 17. e5 Ne8 18. Rd2 Nc7 19. Qb3 Qc8 20. Rad1 d4 21. Bxb7 Qxb7 22.
Bxd4 cxd4 23. Rxd4 Nc6 24. Rd7 Rxf4 25. Nb5 Bxe5 26. Qe3 Raf8 27. Nxc7 Bxc7 28.
Ne2 R4f6 29. Nc3 Ne5 0-1

[Event "Carnaval 2003"]
[Site "Quebec CAN"]
[Date "2003.02.16"]
[Round "5"]
[White "Masse, Hugues"]
[Black "Bannon, Eric"]
[Result "1/2-1/2"]
[WhiteElo "2171"]
[BlackElo "2158"]
[PlyCount "62"]
[EventDate "2003.02.14"]
[EventType "swiss"]
[EventRounds "5"]
[EventCountry "CAN"]

1. d4 Nf6 2. c4 g6 3. Nc3 Bg7 4. e4 d6 5. f3 O-O 6. Be3 c6 7. Qd2 e5 8. d5 cxd5
9. cxd5 Nbd7 10. Nge2 a6 11. g4 b5 12. Ng3 Nb6 13. Be2 b4 14. Nd1 a5 15. h4
Nfd7 16. h5 Nc5 17. Bh6 Bxh6 18. Qxh6 g5 19. Ne3 f6 20. Bb5 Ra7 21. O-O Raf7
22. Ngf5 Bxf5 23. Nxf5 Nc8 24. Kh2 Ne7 25. Rac1 Kh8 26. Nxe7 Qxe7 27. Rfd1 Rg7
28. Rd2 Qd8 29. b3 Qb6 30. Bc6 Qd8 31. Ba4 Qb6 1/2-1/2

[Event "Carnaval 2003"]
[Site "Quebec CAN"]
[Date "2003.02.16"]
[Round "5"]
[White "Moisan-Plante, Marc-Olivier"]
[Black "Gauthier, Denis"]
[Result "1/2-1/2"]
[WhiteElo "2088"]
[BlackElo "2031"]
[PlyCount "71"]
[EventDate "2003.02.14"]
[EventType "swiss"]
[EventRounds "5"]
[EventCountry "CAN"]

1. e4 c5 2. Nf3 e6 3. d4 cxd4 4. Nxd4 a6 5. Nc3 Qc7 6. Be2 Nf6 7. O-O Nc6 8.
Be3 Bb4 9. Na4 Be7 10. Nxc6 bxc6 11. Nb6 Rb8 12. Nxc8 Qxc8 13. Bf4 Rxb2 14. Qd4
Rb4 15. Qa7 O-O 16. f3 Qa8 17. Qxa6 Bc5+ 18. Kh1 Qxa6 19. Bxa6 Ra8 20. Bd3 Rba4
21. Be5 Rxa2 22. Rxa2 Rxa2 23. Ra1 Rxa1+ 24. Bxa1 Ne8 25. g3 f6 26. Kg2 Kf7 27.
h4 Nc7 28. Bc3 Nb5 29. Ba5 g6 30. g4 Bd4 31. f4 h6 32. Kg3 Nd6 33. Kf3 Nb7 34.
Bb4 d5 35. Ba6 c5 36. Bxb7 1/2-1/2

[Event "Carnaval 2003"]
[Site "Quebec CAN"]
[Date "2003.02.16"]
[Round "5"]
[White "Saint Amand, Paul"]
[Black "Leriche, Felix"]
[Result "1/2-1/2"]
[WhiteElo "2118"]
[BlackElo "2133"]
[PlyCount "64"]
[EventDate "2003.02.14"]
[EventType "swiss"]
[EventRounds "5"]
[EventCountry "CAN"]

1. e4 c6 2. d4 d5 3. Nd2 dxe4 4. Nxe4 Bf5 5. Ng3 Bg6 6. h4 h6 7. Nf3 Nd7 8. h5
Bh7 9. Bd3 Bxd3 10. Qxd3 Ngf6 11. Bd2 Qc7 12. O-O-O O-O-O 13. Ne4 e6 14. g3 Nc5
15. Nxc5 Bxc5 16. Bf4 Bd6 17. Bxd6 Rxd6 18. Qe2 Rhd8 19. c3 c5 20. Kb1 Rd5 21.
Ne5 cxd4 22. cxd4 Kb8 23. Rc1 Qe7 24. Rhd1 Rxd4 25. Rxd4 Rxd4 26. Qb5 a6 27.
Qb6 Rd6 28. Nc6+ Rxc6 29. Rxc6 Nd5 30. Qb3 Qg5 31. Rc1 Qxh5 32. Qc2 Qf3 1/2-1/2

[Event "Carnaval 2003"]
[Site "Quebec CAN"]
[Date "2003.02.16"]
[Round "5"]
[White "Sauve, Richard"]
[Black "Ouimet, Bernard"]
[Result "1-0"]
[WhiteElo "2008"]
[BlackElo "2008"]
[PlyCount "51"]
[EventDate "2003.02.14"]
[EventType "swiss"]
[EventRounds "5"]
[EventCountry "CAN"]

1. d4 Nf6 2. c4 g6 3. Nc3 Bg7 4. e4 d6 5. f3 O-O 6. Be3 a6 7. Bd3 c5 8. d5 e6
9. Nge2 exd5 10. cxd5 Nbd7 11. O-O b5 12. Bc2 Ne5 13. Qc1 Bd7 14. Bh6 Re8 15.
Bxg7 Kxg7 16. b3 b4 17. Nd1 Bb5 18. Rf2 Qe7 19. Ne3 a5 20. Qd1 Rac8 21. Kh1 h6
22. Qd2 c4 23. Nd4 c3 24. Nef5+ gxf5 25. Nxf5+ Kf8 26. Qxh6+ 1-0

[Event "Carnaval U2000"]
[Site "Quebec CAN"]
[Date "2003.02.15"]
[Round "2"]
[White "Lecours, Etienne"]
[Black "Morin, Louis"]
[Result "0-1"]
[WhiteElo "1634"]
[BlackElo "1939"]
[PlyCount "82"]
[EventDate "2003.02.14"]
[EventType "swiss"]
[EventRounds "5"]
[EventCountry "CAN"]

1. e4 e5 2. Nf3 d6 3. d4 Nf6 4. Nc3 Nbd7 5. Bc4 Be7 6. O-O O-O 7. Qd3 c6 8. a4
Qc7 9. Bg5 Re8 10. Nd2 h6 11. Be3 Ng4 12. f4 Nxe3 13. Qxe3 exd4 14. Qxd4 d5 15.
Kh1 dxc4 16. Nxc4 Bc5 17. Qd3 Bb4 18. e5 Nc5 19. Qf3 Bxc3 20. Qxc3 Ne4 21. Qe3
f5 22. Rad1 Be6 23. Nd6 Nxd6 24. Rxd6 Bd5 25. Qc3 Rad8 26. Rg6 Qf7 27. Rg3 Re6
28. Rd3 Rg6 29. Rf2 Re8 30. Qd2 Kh7 31. b4 Rge6 32. Rd4 R6e7 33. Rf1 Rd7 34.
Rd1 Red8 35. Qf2 Be4 36. c3 Rxd4 37. Rxd4 Rxd4 38. Qxd4 Qa2 39. Qg1 Qxa4 40. e6
Kg6 41. h3 Qc2 0-1

[Event "Carnaval U2000"]
[Site "Quebec CAN"]
[Date "2003.02.15"]
[Round "3"]
[White "Morin, Louis"]
[Black "Pilote, Guillaume"]
[Result "1/2-1/2"]
[WhiteElo "1939"]
[BlackElo "1825"]
[PlyCount "98"]
[EventDate "2003.02.14"]
[EventType "swiss"]
[EventRounds "5"]
[EventCountry "CAN"]

1. e4 c5 2. d4 cxd4 3. c3 d3 4. c4 Nc6 5. Bxd3 d6 6. Nc3 Nf6 7. h3 g6 8. b3 Bg7
9. Bb2 O-O 10. Nf3 Bd7 11. O-O a6 12. Qe2 Qa5 13. Nd5 Nxd5 14. exd5 Bxb2 15.
Qxb2 Na7 16. b4 Qd8 17. Rfd1 Rc8 18. Rac1 Rc7 19. Bf1 Ba4 20. Rd2 Qd7 21. Qd4
Nc8 22. Rc3 Qf5 23. Rb2 e5 24. dxe6 fxe6 25. Bd3 Qh5 26. Be2 Bc6 27. Qe3 Qf5
28. Nd4 Qf6 29. Qxe6+ Rcf7 30. Qxf6 Rxf6 31. Nxc6 bxc6 32. Bf3 Nb6 33. Rd2 c5
34. bxc5 dxc5 35. Bd5+ Kg7 36. Ra3 Nxd5 37. cxd5 Rd6 38. f3 Rf5 39. Rad3 c4 40.
Rc3 Rfxd5 41. Rxd5 Rxd5 42. Rxc4 h5 43. h4 a5 44. a4 Kf6 45. Re4 Kf5 46. Kf1
Rc5 47. Ke1 Rc1+ 48. Kd2 Rg1 49. Ke3 Rxg2 1/2-1/2

[Event "Carnaval U2000"]
[Site "Quebec CAN"]
[Date "2003.02.16"]
[Round "4"]
[White "Delisle, Louis-Martin"]
[Black "Morin, Louis"]
[Result "0-1"]
[WhiteElo "1617"]
[BlackElo "1939"]
[PlyCount "40"]
[EventDate "2003.02.14"]
[EventType "swiss"]
[EventRounds "5"]
[EventCountry "CAN"]

1. f4 d6 2. e4 e5 3. Nf3 exf4 4. Bc4 h6 5. d4 g5 6. h3 Bg7 7. Nc3 Ne7 8. Qe2
O-O 9. Nd1 Re8 10. Qd3 d5 11. exd5 Bf5 12. Qb3 Nec6+ 13. Kf1 Na5 14. Qc3 Nxc4
15. Qxc4 Nd7 16. Qb3 Nf6 17. Nc3 Nh5 18. Kf2 Ng3 19. Rg1 Qe7 20. Bd2 Qe2+ 0-1

[Event "Carnaval U2000"]
[Site "Quebec CAN"]
[Date "2003.02.16"]
[Round "5"]
[White "Morin, Louis"]
[Black "Desmarais, Emmanuel"]
[Result "1-0"]
[WhiteElo "1939"]
[BlackElo "1975"]
[PlyCount "107"]
[EventDate "2003.02.14"]
[EventType "swiss"]
[EventRounds "5"]
[EventCountry "CAN"]

1. e4 c6 2. d4 d5 3. Nc3 dxe4 4. Nxe4 Bf5 5. Ng3 Bg6 6. Nf3 Nd7 7. Bd3 Ngf6 8.
O-O e6 9. Re1 Be7 10. c4 Qc7 11. b3 O-O 12. Bb2 Bb4 13. Re2 Rfd8 14. Bxg6 hxg6
15. a3 Bd6 16. Qc2 a5 17. a4 Re8 18. Rae1 Bb4 19. Bc3 Bxc3 20. Qxc3 Rad8 21. h3
c5 22. d5 exd5 23. Rxe8+ Nxe8 24. cxd5 Ndf6 25. Qc4 Qd6 26. Rd1 Nxd5 27. Ne4
Qc6 28. Qxc5 Qxc5 29. Nxc5 b6 30. Nb7 Rd7 31. Ne5 Rxb7 32. Rxd5 Nf6 33. Rd8+
Kh7 34. Rf8 Ne4 35. Nxf7 g5 36. f3 Nc5 37. Nxg5+ Kg6 38. Ne4 Nxb3 39. f4 Nd4
40. g4 Kh7 41. f5 Nf3+ 42. Kf2 Ne5 43. g5 Rc7 44. Re8 Ng6 45. fxg6+ Kxg6 46.
Ke3 Rc4 47. Re6+ Kh5 48. Rxb6 Rxa4 49. Rb8 Kg6 50. Kf4 Ra1 51. h4 Rf1+ 52. Ke5
Rf5+ 53. Kd6 Rf4 54. Ke5 1-0